书目信息 |
| 题名: |
工程水文水力学
|
|
| 作者: | 张春满 , 郭毅 主编 | |
| 分册: | ||
| 出版信息: | 北京 中国水利水电出版社 2007.09 |
|
| 页数: | 238页 | |
| 开本: | 26cm | |
| 丛书名: | ||
| 单 册: | ||
| 中图分类: | TV1 | |
| 科图分类: | ||
| 主题词: | 工程水文学--gong cheng shui wen xue--高等学校--教材 , 水文学--shui wen xue--高等学校--教材 | |
| 电子资源: | ||
| ISBN: | 978-7-5084-4787-2 | |
| 000 | 01025nam0 2200277 450 | |
| 001 | 012007802532 | |
| 005 | 20071226150149.42 | |
| 010 | @a978-7-5084-4787-2@dCNY30.00 | |
| 100 | @a20071226d2007 km y0chiy0120 ea | |
| 101 | 0 | @achi |
| 102 | @aCN@b110000 | |
| 105 | @aa a 000yy | |
| 106 | @ar | |
| 200 | 1 | @a工程水文水力学@Agong cheng shui wen shui li xue@f张春满, 郭毅主编@Fzhang chun man,guo yi zhu bian |
| 210 | @a北京@c中国水利水电出版社@d2007.09 | |
| 215 | @a238页@c图@d26cm | |
| 300 | @a高等院校精品规划教材 | |
| 320 | @a有书目。 | |
| 330 | @a全书共分10章,包括绪论、水静力学、水流运动的基本原理、管流、明渠水流、闸孔出流和堰流、泄水建筑物下游水流衔接与消能的水力计算、河流水文、水文统计的基本原理与方法、设计洪水的推求。 | |
| 606 | 0 | @a工程水文学@Agong cheng shui wen xue@x高等学校@j教材 |
| 606 | 0 | @a水文学@Ashui wen xue@x高等学校@j教材 |
| 690 | @aTV1@v4 | |
| 701 | 0 | @a张春满@Azhang chun man@4主编 |
| 701 | 0 | @a郭毅@Aguo yi@4主编 |
| 801 | 0 | @aCN@bQSSK@c20071226 |
| 905 | @b272293-95@dTV1@eZ084@f3 | |
| 工程水文水力学/张春满, 郭毅主编.-北京:中国水利水电出版社,2007.09 |
| 238页:图;26cm |
| 高等院校精品规划教材 |
| ISBN 978-7-5084-4787-2:CNY30.00 |
| 全书共分10章,包括绪论、水静力学、水流运动的基本原理、管流、明渠水流、闸孔出流和堰流、泄水建筑物下游水流衔接与消能的水力计算、河流水文、水文统计的基本原理与方法、设计洪水的推求。 |
| ● |
| 相关链接 |
|
|
|
正题名:工程水文水力学
索取号:TV1/Z084
 
预约/预借
| 序号 | 登录号 | 条形码 | 馆藏地/架位号 | 状态 | 备注 |
| 1 | 272293 | 202722937 | 自科二线504/504自科库 42排1列2层/ [索取号:TV1/Z084] | 在馆 | |
| 2 | 272294 | 202722946 | 自科库501/501自科库 47排3列2层/ [索取号:TV1/Z084] | 在馆 | |
| 3 | 272295 | 202722955 | 自科二线504/110考试书库 4排3列3层/ [索取号:TV1/Z084] | 在馆 |